000 00951nam a2200277Ia 4500
001 Z_5646
003 CHAP
008 220113s2008 xx 000 0 und d
010 _a168746
040 _cCHAP
090 _aTesis R 2080
100 _aRamírez Santiago, Leonidas
_994266
245 _aImpacto de la asistencia técnica en la eficiencia de producción de bovinos para carne en confinamiento en Belem municipio de Otumba, estado de México /
_cLeonidas Ramírez Santiago y José Luis Rodríguez Falcón
260 _aChapingo, Méx. :
_bEl autor,
_c2008
300 _a51 h.
502 _aTesis (Ing. Agr. Esp. en Zootecnia) -- UACH. Departamento de Zootecnia
650 _aGallinaza en alimentación animal
_944446
650 _aGanado de carne
_xMéxico (Edo.)
_9137876
650 _aGanado de carne
_xProducción
_945104
901 _aTESIS R 2080
902 _aM
910 _a2008
942 _c2
942 _c2
999 _c168746
_d168746